| 000 | 00783nam a2200205Ia 4500 | ||
|---|---|---|---|
| 003 | IN-BaIIA | ||
| 008 | 211028s9999 xx 000 0 eng d | ||
| 040 | _cIIA Library | ||
| 080 |
_a524.5(082.2) _bINT |
||
| 111 |
_asymposium on HII Regions _cCharlottesville, Varginia _d1967 Dec. 8-11 _97201 |
||
| 245 | 0 |
_aInterstellar ionized hydrogen _bproceedings of a symposium on HII regions, held in Charlottesville, Varginia, December 8-11, 1967 _cedited by Yervant Terzian |
|
| 260 |
_aNew York _bW. A. Benjamin _c1968 |
||
| 300 | _aix, 774p. | ||
| 650 | _aAstronomy and astrophysics thesaurus | ||
| 650 |
_aHII regions _97202 |
||
| 650 |
_aInterstellar matter _91189 |
||
| 700 |
_aTerzian, Yervant., ed. _97203 |
||
| 710 |
_aNational Radio Astronomy Observatory (U.S.) _97204 |
||
| 942 | _cBK | ||
| 999 |
_c4079 _d4079 |
||